[Event "CZE-chT2E 1213"]
[Site "Czech Republic"]
[Date "2013.02.17"]
[Round "9.3"]
[White "Fusek, Lukas"]
[Black "Kosata, Jan"]
[Result "1/2-1/2"]
[WhiteElo "1986"]
[BlackElo "2146"]
[PlyCount "69"]
[EventDate "2012.10.14"]
[EventType "team-tourn"]
[EventRounds "11"]
[EventCountry "CZE"]
[SourceTitle "EXT 2016"]
[Source "ChessBase"]
[SourceDate "2015.10.08"]
[SourceVersion "1"]
[SourceVersionDate "2015.10.08"]
[SourceQuality "1"]
[WhiteTeam "Stare Mesto III"]
[BlackTeam "Kurim"]
[WhiteTeamCountry "CZE"]
[BlackTeamCountry "CZE"]

1. e4 c5 2. c3 e6 3. d4 d5 4. e5 Nc6 5. Nf3 Nge7 6. Bd3 Nf5 7. Bxf5 exf5 8. 0-0 Be6 9. Be3 cxd4 10. cxd4 Be7 11. Nc3 0-0 12. Ne2 Rc8 13. Rc1 Qb6 14. Qd2 Na5 15. b3 Ba3 16. Rxc8 Rxc8 17. Nf4 Nc6 18. Nxe6 fxe6 19. Qe2 Nb4 20. Ng5 g6 21. g4 Nc2 22. Rd1 Nxe3 23. fxe3 Be7 24. Nh3 Qc6 25. gxf5 exf5 26. Nf4 Bg5 27. Qg2 Bxf4 28. exf4 Qc2 29. Qxd5+ Kh8 30. Rf1 Qd2 31. Qd6 Qe3+ 32. Kh1 Qe4+ 33. Kg1 Qe3+ 34. Kh1 Qe4+ 35. Kg1 1/2-1/2

[Event "CZE-chT2E 1213"]
[Site "Czech Republic"]
[Date "2012.12.16"]
[Round "5.2"]
[White "Kosata, Jan"]
[Black "Skacelik, Petr"]
[Result "1/2-1/2"]
[WhiteElo "2146"]
[BlackElo "2202"]
[PlyCount "70"]
[EventDate "2012.10.14"]
[EventType "team-tourn"]
[EventRounds "11"]
[EventCountry "CZE"]
[SourceTitle "EXT 2016"]
[Source "ChessBase"]
[SourceDate "2015.10.08"]
[SourceVersion "1"]
[SourceVersionDate "2015.10.08"]
[SourceQuality "1"]
[WhiteTeam "Kurim"]
[BlackTeam "Brno Duras II"]
[WhiteTeamCountry "CZE"]
[BlackTeamCountry "CZE"]

1. e4 c5 2. Nf3 d6 3. Bb5+ Nd7 4. 0-0 a6 5. Bd3 Ngf6 6. c3 g6 7. Bc2 Bg7 8. d4 Qc7 9. a4 0-0 10. d5 Rb8 11. a5 b5 12. axb6 Nxb6 13. Nfd2 e5 14. c4 Nh5 15. g3 Bh6 16. b3 Ng7 17. Nf3 Bxc1 18. Qxc1 f5 19. Nh4 f4 20. f3 Qe7 21. Nc3 Nh5 22. Qe1 Bh3 23. Ng2 Ra8 24. Ne2 g5 25. Rf2 Nd7 26. Qc3 g4 27. gxf4 exf4 28. fxg4 Bxg4 29. Nexf4 Nxf4 30. Rxf4 Rxf4 31. Nxf4 Ne5 32. Bd1 Bxd1 33. Rxd1 Kh8 34. Kh1 Rf8 35. Rf1 Rf7 1/2-1/2

[Event "Pardubice Czech op-A 23rd"]
[Site "Pardubice"]
[Date "2012.07.27"]
[Round "8"]
[White "Kosata, Jan"]
[Black "Bystrov, Sergej Mikhailovich"]
[Result "1/2-1/2"]
[WhiteElo "2123"]
[BlackElo "2291"]
[PlyCount "61"]
[EventDate "2012.07.12"]
[EventType "swiss"]
[EventRounds "9"]
[EventCountry "CZE"]
[SourceTitle "CBM 149 Extra"]
[Source "ChessBase"]
[SourceDate "2012.08.24"]
[SourceVersion "1"]
[SourceVersionDate "2012.08.24"]
[SourceQuality "1"]

1. e4 d6 2. d4 Nf6 3. Nc3 e5 4. Nf3 Nbd7 5. Bc4 Be7 6. 0-0 0-0 7. Qe2 c6 8. a4 b6 9. Rd1 Qc7 10. d5 c5 11. Nb5 Qd8 12. Bd3 a6 13. Na3 Re8 14. Rf1 Nf8 15. Ne1 Ng6 16. g3 h6 17. Ng2 Bf8 18. Be3 Qd7 19. b3 Qh3 20. f3 Qd7 21. Nb1 Qb7 22. c4 a5 23. Nc3 Bd7 24. Rae1 Qc8 25. Qd2 Bh3 26. Kh1 Qd7 27. Rg1 Be7 28. Bf2 Nh7 29. Ne3 Bg5 30. Qc2 h5 31. Nf5 1/2-1/2

[Event "Pardubice Czech op 22nd"]
[Site "Pardubice"]
[Date "2011.07.27"]
[Round "6"]
[White "Bibik, Jura"]
[Black "Kosata, Jan"]
[Result "1/2-1/2"]
[WhiteElo "2303"]
[BlackElo "2139"]
[PlyCount "46"]
[EventDate "2011.07.22"]
[EventType "swiss"]
[EventRounds "9"]
[EventCountry "CZE"]
[SourceTitle "CBM 143 Extra"]
[Source "ChessBase"]
[SourceDate "2011.08.29"]
[SourceVersion "1"]
[SourceVersionDate "2011.08.29"]
[SourceQuality "1"]

1. d4 d5 2. Nf3 Nf6 3. e3 c6 4. Bd3 g6 5. 0-0 Bg7 6. c4 0-0 7. b4 Nbd7 8. Bb2 a5 9. b5 dxc4 10. Bxc4 c5 11. Nbd2 cxd4 12. exd4 Nb6 13. Be2 a4 14. Nc4 Nfd5 15. Nfe5 Nxc4 16. Bxc4 a3 17. Bc1 Qd6 18. Re1 Be6 19. Qb3 Rfd8 20. Rb1 Bf5 21. Ra1 Be6 22. Rb1 Bf5 23. Ra1 Be6 1/2-1/2

[Event "CZE-chT2D 0809"]
[Site "Czech Republic"]
[Date "2009.04.05"]
[Round "11.1"]
[White "Kosata, Jan"]
[Black "Varejcko, Josef"]
[Result "0-1"]
[WhiteElo "2135"]
[BlackElo "2218"]
[PlyCount "46"]
[EventDate "2008.10.12"]
[EventType "team-tourn"]
[EventRounds "11"]
[EventCountry "CZE"]
[SourceTitle "EXT 2010"]
[Source "ChessBase"]
[SourceDate "2010.11.25"]
[SourceVersion "1"]
[SourceVersionDate "2010.11.25"]
[SourceQuality "1"]

1. e4 c5 2. Nf3 e6 3. d4 cxd4 4. Nxd4 Nf6 5. Nc3 Bb4 6. Bd3 e5 7. Nde2 d5 8. exd5 Nxd5 9. Bd2 Nxc3 10. Bxc3 Bxc3+ 11. Nxc3 Nc6 12. Qh5 Be6 13. 0-0-0 Qa5 14. Be4 g6 15. Bxc6+ bxc6 16. Qh6 Ke7 17. Rhe1 Rhd8 18. Qg7 Rxd1+ 19. Kxd1 Qb6 20. Qxe5 Qxf2 21. Qc7+ Kf8 22. Qd6+ Kg7 23. Ne4 Bg4+ 0-1

[Event "CZE-chT2D 0809"]
[Site "Czech Republic"]
[Date "2009.01.11"]
[Round "6.1"]
[White "Kosata, Jan"]
[Black "Kondraf, Karel"]
[Result "1/2-1/2"]
[WhiteElo "2135"]
[BlackElo "2214"]
[PlyCount "88"]
[EventDate "2008.10.12"]
[EventType "team-tourn"]
[EventRounds "11"]
[EventCountry "CZE"]
[SourceTitle "EXT 2010"]
[Source "ChessBase"]
[SourceDate "2010.11.25"]
[SourceVersion "1"]
[SourceVersionDate "2010.11.25"]
[SourceQuality "1"]

1. c4 c6 2. Nf3 Nf6 3. Nc3 e6 4. d4 d5 5. e3 Nbd7 6. b3 Bb4 7. Bd2 0-0 8. Bd3 Qe7 9. 0-0 e5 10. dxe5 Nxe5 11. Nxe5 Qxe5 12. Nxd5 Nxd5 13. cxd5 Bd6 14. f4 Qxd5 15. Qc2 h5 16. Rae1 Re8 17. Kh1 a5 18. Bc3 Bb4 19. Ba1 Bf8 20. e4 Qc5 21. Qb2 a4 22. f5 axb3 23. axb3 Qa3 24. Qe2 Qd6 25. e5 Rxa1 26. Rxa1 Rxe5 27. Qf3 Qd4 28. Rad1 Re3 29. Qf4 Qxf4 30. Rxf4 Be7 31. Ra4 Bf6 32. Re4 Rxe4 33. Bxe4 Kf8 34. g3 h4 35. Kg2 hxg3 36. hxg3 Ke7 37. Kf3 Be5 38. g4 c5 39. Rd2 b5 40. Bd5 g6 41. Ke4 Bc3 42. Re2 gxf5+ 43. gxf5 Kf6 44. Rf2 b4 1/2-1/2

[Event "CZE-chT2D 0809"]
[Site "Czech Republic"]
[Date "2008.11.23"]
[Round "3.1"]
[White "Cerveny, Martin"]
[Black "Kosata, Jan"]
[Result "1-0"]
[WhiteElo "2320"]
[BlackElo "2135"]
[PlyCount "85"]
[EventDate "2008.10.12"]
[EventType "team-tourn"]
[EventRounds "11"]
[EventCountry "CZE"]
[SourceTitle "EXT 2010"]
[Source "ChessBase"]
[SourceDate "2010.11.25"]
[SourceVersion "1"]
[SourceVersionDate "2010.11.25"]
[SourceQuality "1"]

1. d4 Nf6 2. c4 e6 3. Nc3 d5 4. cxd5 exd5 5. Bg5 Be7 6. e3 c6 7. Bd3 Nbd7 8. Qc2 0-0 9. Nge2 Re8 10. 0-0 Nf8 11. f3 h6 12. Bh4 Ne6 13. Bf2 c5 14. Rfe1 a6 15. Rad1 cxd4 16. Nxd4 Nxd4 17. exd4 Be6 18. Qd2 Rc8 19. Be3 Bf8 20. g4 Nd7 21. Bb1 Nb6 22. Qd3 g6 23. b3 Kh7 24. Ne2 Qh4 25. Nf4 Bd6 26. Bf2 Qf6 27. Nh5 Qd8 28. Bg3 Bb4 29. Rc1 Nd7 30. Rf1 Qb6 31. Kg2 Ba3 32. Rxc8 Rxc8 33. Nf4 Nf8 34. h4 Bb4 35. h5 Rc3 36. hxg6+ fxg6 37. Qe2 Bf7 38. Nd3 Bd6 39. Be5 Rc8 40. Qd2 Ne6 41. Rh1 Bf8 42. Nf2 Qb4 43. Rxh6+ 1-0

[Event "Pardubice op-A"]
[Site "Pardubice"]
[Date "2006.07.28"]
[Round "8"]
[White "Stoma, Pawel"]
[Black "Kosata, Jan"]
[Result "1-0"]
[WhiteElo "2265"]
[BlackElo "2204"]
[PlyCount "114"]
[EventDate "2006.07.21"]
[EventType "swiss"]
[EventRounds "9"]
[EventCountry "CZE"]
[SourceTitle "CBM 113 Extra"]
[Source "ChessBase"]
[SourceDate "2006.09.14"]
[SourceVersion "1"]
[SourceVersionDate "2006.09.14"]
[SourceQuality "1"]

1. e4 e6 2. d4 d5 3. exd5 exd5 4. Nf3 Nf6 5. Bd3 Bg4 6. 0-0 Be7 7. Bg5 0-0 8. Nbd2 Nbd7 9. c3 c6 10. Qc2 Bxf3 11. Nxf3 h6 12. Bh4 Re8 13. Rae1 Nh5 14. Qd2 Nf8 15. Bxe7 Rxe7 16. Ne5 Qd6 17. f4 Rae8 18. Re2 Nf6 19. g4 N6d7 20. Rg2 f6 21. Nf3 Qe6 22. Re1 Qd6 23. Rf1 Qe6 24. Re1 Qd6 25. Rxe7 Qxe7 26. Re2 Qf7 27. Nh4 Rxe2 28. Qxe2 Qe6 29. Kf2 Qxe2+ 30. Kxe2 Ne6 31. Kf3 g5 32. fxg5 hxg5 33. Nf5 a5 34. a4 Nb6 35. b3 Kf8 36. Kg3 Nc8 37. Kf3 Ng7 38. Ne3 Ne6 39. Nf1 Nd6 40. Ke3 Ke7 41. Nd2 Nf4 42. Bf1 Ng6 43. b4 axb4 44. cxb4 Ke6 45. Nb3 b6 46. a5 Nc8 47. Bd3 Nge7 48. Nc1 Kd6 49. Ne2 bxa5 50. bxa5 c5 51. dxc5+ Kxc5 52. Ng3 Nc6 53. a6 Ne5 54. Bf5 Nc4+ 55. Kd3 N4d6 56. Bxc8 Nxc8 57. Nh5 Kb6 1-0

[Event "Pardubice op-A"]
[Site "Pardubice"]
[Date "2005.07.22"]
[Round "1"]
[White "Shetty, Rahul"]
[Black "Kosata, Jan"]
[Result "1-0"]
[WhiteElo "2367"]
[BlackElo "2192"]
[PlyCount "57"]
[EventDate "2005.07.22"]
[EventType "swiss"]
[EventRounds "9"]
[EventCountry "CZE"]
[SourceTitle "CBM 107 Extra"]
[Source "ChessBase"]
[SourceDate "2005.09.01"]
[SourceVersion "1"]
[SourceVersionDate "2005.09.01"]
[SourceQuality "1"]

1. e4 c6 2. d4 d5 3. Nc3 dxe4 4. Nxe4 Nd7 5. Ng5 Ngf6 6. Bd3 e6 7. N1f3 Bd6 8. Qe2 h6 9. Ne4 Nxe4 10. Qxe4 Nf6 11. Qe2 Qc7 12. Bd2 c5 13. dxc5 Bxc5 14. 0-0-0 a6 15. Ne5 Bd6 16. f4 0-0 17. Rhe1 b5 18. g4 Ra7 19. h4 Nd7 20. g5 Nc5 21. gxh6 Bxe5 22. fxe5 Nxd3+ 23. Qxd3 g6 24. Bg5 Bb7 25. h5 Kh7 26. Rf1 Rg8 27. hxg6+ Rxg6 28. Bd8 Qxe5 29. Rxf7+ 1-0